Statistics for Friends Quiz

Click here to take the quiz!

General Stats

  • This quiz has been taken 74 times
  • The average score is 11 of 16

Answer Stats

ClueAnswer% Correct
Which character is quoted saying 'see he's her lobster'?Phoebe
97%
Who does Chandler convince not to buy the house next door to him and Monica in West Chester in season 10?Janice
94%
Who buys Phoebe her very first bicycle?Ross
89%
Which character's actor is replaced during her pregnancy in Season 1?Carol
88%
Where do Joey and Chandler accidentally leave Ben in Season 2?The bus
86%
What do Monica and Rachel not know about Chandler, which causes them to lose their apartment in Season 4?His job
77%
Which famous rock star does Phoebe try and meet through Ben at his school?Sting
75%
What is the name of Joey's armchair?Rosita
70%
What does Rachel tell her dad on the phone that she wants to be, rather than a shoe, when she flees her wedding in Season 1?A hat
64%
What are the names of Frank Jnr's children that Phoebe was a surrogate for?Frank Jnr Jnr, Chandler and Leslie
64%
What sports team is playing during Mike's attempted proposal in Season 10?New York Knicks
63%
What was the name of the anti-Rachel club made up by Will and Ross in high school?I Hate Rachel Green Club
61%
Which actress plays Rachel's former sorority sister that she made out with in college?Winona Ryder
61%
Who plays Phoebe's Navy friend in the episode where she gives him chicken pox?Charlie Sheen
52%
What does Joey think he's found in Las Vegas?His hand twin
47%
Who do Monica and Phoebe forget to invited to Rachel's baby shower?Her mother
20%

Score Distribution

Percentile by Number Answered

Percent of People with Each Score

Your Score History

You have not taken this quiz